Countries Bordering Italy (Maritime Borders) - Statistics

General Stats
  • This quiz has been taken 123 times
  • The average score is 10 of 11
Answer Stats
Country % Correct
France
96%
Albania
94%
Greece
94%
Croatia
93%
Slovenia
92%
Spain
92%
Algeria
89%
Libya
88%
Tunisia
88%
Malta
85%
Montenegro
83%
No matching quizzes found
Score Distribution
Percent of People with Each Score
Percentile by Number Answered
Your Score History
You have not taken this quiz